Math-a-riddle II : secret-message challenges to build basic skills in multiplication /

Bibliographic Details
Main Author: Parsons, Judith N.
Format: Book
Language:English
Published: Belmont, Calif. : Fearon Pitman Publishers, [1979]
Series:Fearon makemaster book.
Subjects:

MARC

Tag First Indicator Second Indicator Subfields
LEADER 00000cam a2200000 a 4500
001 in00000277521
005 20151010063542.0
008 800110s1979 caua j 00010 eng d
020 |a 0822444348 
035 |a (OCoLC)05861231 
035 |9 ABE0025AM 
040 |a IBS  |c IBS  |d TXA  |d UtOrBLW 
049 |a [Curr Col] TXAM  |c [389512] 
090 |a QA139  |b  P31 
100 1 |a Parsons, Judith N. 
245 1 0 |a Math-a-riddle II :  |b secret-message challenges to build basic skills in multiplication /  |c Judith N. Parsons. 
264 1 |a Belmont, Calif. :  |b Fearon Pitman Publishers,  |c [1979] 
264 4 |c ©1979 
300 |a 92 pages :  |b illustrations ;  |c 28 cm. 
336 |a text  |b txt  |2 rdacontent 
337 |a unmediated  |b n  |2 rdamedia 
338 |a volume  |b nc  |2 rdacarrier 
490 1 |a A Fearon makemaster book 
650 0 |a Mathematics  |v Problems, exercises, etc. 
650 0 |a Mathematical recreations  |v Juvenile literature. 
650 0 |a Multiplication  |v Juvenile literature. 
830 0 |a Fearon makemaster book. 
999 |a MARS 
999 f f |s 75fec99a-b273-3bb7-a9d8-59cd2589c792  |i fe90a4a9-23db-372a-b696-49c4b12284b1  |t 0 
952 f f |p normal  |a Texas A&M University  |b College Station  |c Sterling C. Evans Library  |d Evans: Curriculum Collection (4th floor)  |t 0  |e QA139 P31  |h Library of Congress classification  |i unmediated -- volume  |m A14806367334 
998 f f |a QA139 P31  |t 0  |l Evans: Curriculum Collection (4th floor)